000 00408nam a2200169Ia 4500
008 130318s9999 xx 000 0 und d
020 _a8178530058
082 _a005.133VC++ KRU/P
100 _aKruglinski, David J.
245 _aProgramming visual C++
250 _a5
260 _bWiley
_aNew York
_c2000
300 _a1153
650 _aVISUAL C++
700 _aShepherd, George
700 _aWingo,Scot
999 _c173
_d173